Tile Quiz - Dogs - Statistics

General Stats
  • This quiz has been taken 35 times
  • The average score is 36 of 45
Answer Stats
Question Tile Select % Correct
What is the largest breed of dog? Akita No
96%
What is the largest breed of dog? Malamute No
96%
Which dog is a not a puppy? No
92%
Which dog is a not a puppy? No
92%
Which dog is a not a puppy? No
92%
Which dog is a not a puppy? No
92%
What is the most important thing a dog needs? A Comfy Bed No
92%
What is the most important thing a dog needs? A Sparkly Collar No
92%
What is the most important thing a dog needs? A Special Raincoat No
92%
What is the best food for a dog's teeth? Digestive Biscuits No
92%
What is the largest breed of dog? German Shepherd No
92%
What is the largest breed of dog? Husky No
92%
What is the largest breed of dog? Old English Sheepdog No
92%
How old was the oldest dog who ever lived, and what breed was it? (Select the two correct tiles.) Poodle No
92%
What is the best food for a dog's teeth? Roast Dinner No
92%
What is the best food for a dog's teeth? Spaghetti No
92%
What is the most important thing a dog needs? To Be From A Rescue Centre No
92%
Which dog is a not a puppy? No
88%
What is the most important thing a dog needs? A Doggy Friend No
88%
What is the best food for a dog's teeth? Canned Meat No
88%
What is the most important thing a dog needs? Grooming No
88%
What is the largest breed of dog? Newfoundland No
88%
What is the largest breed of dog? St Bernard No
88%
Which dog is a not a puppy? No
85%
How old was the oldest dog who ever lived, and what breed was it? (Select the two correct tiles.) 19 years old No
85%
How old was the oldest dog who ever lived, and what breed was it? (Select the two correct tiles.) Afghan Hound No
85%
What is the best food for a dog's teeth? Antler Chews No
85%
What is the best food for a dog's teeth? Lightly Cooked Chicken No
85%
What is the most important thing a dog needs? Hugs and Kisses No
81%
Which dog is a not a puppy? No
77%
How old was the oldest dog who ever lived, and what breed was it? (Select the two correct tiles.) 35 years old No
77%
How old was the oldest dog who ever lived, and what breed was it? (Select the two correct tiles.) Chihuahua No
77%
What is the best food for a dog's teeth? Raw Beef No
77%
How old was the oldest dog who ever lived, and what breed was it? (Select the two correct tiles.) 27 years old No
69%
How old was the oldest dog who ever lived, and what breed was it? (Select the two correct tiles.) 30 years old No
69%
What is the largest breed of dog? Irish Wolfhound No
69%
Which dog is a not a puppy? No
65%
What is the largest breed of dog? Great Dane Yes
65%
How old was the oldest dog who ever lived, and what breed was it? (Select the two correct tiles.) Jack Russell Terrier Yes
62%
What is the best food for a dog's teeth? Rawhide Treats No
62%
What is the most important thing a dog needs? Walking Every Day No
62%
What is the most important thing a dog needs? Proper Training Yes
46%
Which dog is a not a puppy? Yes
42%
What is the best food for a dog's teeth? Dry Kibble Yes
31%
How old was the oldest dog who ever lived, and what breed was it? (Select the two correct tiles.) 24 years old Yes
23%
No matching quizzes found
Score Distribution
Percent of People with Each Score
Percentile by Number Answered
Your Score History
You have not taken this quiz